LDR 00828naa#a2200169#i#450# 001 EN\INFRA-M\bibl\126395 005 20260629091510.1 011 ## _a2306-1731 100 ## _a20260623b2026####ek#y0engy0150####ca 102 ## _aRU 200 1# _aThe “Logic” Aspect in Psychosophy: A Metacognitive Interpretation and Empirical Study _eJournal article 210 1# _aMoscow _cINFRA-M Academic Publishing LLC. _d2026 215 ## _a9 с. 608 ## _aJournal article _2local 675 ## _aПсихологические типы. Индивидуальная психология. Психология личности. Индивидуальность. Личность.Психология характера. Характерология. Идеосинкрозия. Типы личностей. 159.923 _z 700 #1 _aZvonareva _gN. A. 856 4# _azh-szf.ru _u